Southwest Asia Capitals and Countries - Statistics

General Stats
  • This quiz has been taken 460 times
  • The average score is 12 of 14
Answer Stats
Hint Answer % Correct
Kuwait City Kuwait
98%
Tehran Iran
95%
Ankara Turkey
94%
Jerusalem Israel
93%
Damascus Syria
90%
Amman Jordan
89%
Beirut Lebanon
87%
Sana'a Yemen
86%
Muscat Oman
85%
Riyadh Saudi Arabia
85%
Doha Qatar
82%
Kabul Afghanistan
79%
Abu Dahbi United Arab Emirates
78%
Manama Bahrain
73%
No matching quizzes found
Score Distribution
Percent of People with Each Score
Percentile by Number Answered
Your Score History
You have not taken this quiz